| 000 | 01074nas a2200325 4500 | ||
|---|---|---|---|
| 001 | BR2012003908 | ||
| 003 | BR-BrBNA | ||
| 005 | 20231205120647.0 | ||
| 007 | ta | ||
| 008 | 230509b bl.|||p| |||| 00| 00por d | ||
| 040 |
_aBR-BrBNA _bpor _cBiblioteca Nacional de Agricultura |
||
| 041 | _a(Es) | ||
| 072 | _aF30 | ||
| 100 | 1 | _aAvendaño Arrazate, C.H. | |
| 100 | 1 | _aCadena Iñiguez, J. | |
| 100 | 1 | _aArévalo Galarza, M.L. | |
| 100 | 1 | _aCisneros Solano, V.M. | |
| 100 | 1 | _aAguirre Medina, J.F. | |
| 100 | 1 | _aMoreno Pérez, E. del C. | |
| 100 | 1 | _aCortés Cruz, M. | |
| 100 | 1 | _aCastillo Martinez, C.R. | |
| 100 | 1 | _aRamírez Vallejo, P. | |
| 245 | 1 | _aVariación genética en el complejo infraespecífico de chayote evaluada mediante sistemas isoenzimáticas | |
| 650 | _aCHUCHU | ||
| 650 | _aVARIAÇÃO GENÉTICA | ||
| 650 | _aMELHORAMENTO GENÉTICO VEGETAL | ||
| 773 | 0 |
_tPesquisa Agropecuária Brasileira (Brazil) _xISSN 0100-204X _g(Feb 2012), v. 47(2) p. 244-252 _wBR2012003908 |
|
| 909 |
_a202311 _bLúcia _c55 _dLúcia Elande |
||
| 942 |
_2AGRIS _n0 _cANA |
||
| 999 |
_c219626 _d219626 |
||